000 00252nmm a2200097Ia 4500
008 220120s9999||||xx |||||||||||||||||und||
020 _a981-240-052-4
100 _aDani, Asang and Kanetkar, Yashavant
245 0 _aGo embedded
260 _aBPB publication
999 _c139603
_d139603